000 04298cam a22005895i 4500
001 data
005 20260322212107.0
006 data
007 data
008 data
035 _a21580633
906 _a0
_bibc
_corigres
_du
_encip
_f20
_gy-gencatlg
925 0 _aacquire
_epcnspringer
_xpolicy default
010 _a 2019736786
020 _a9789462651296
024 7 _a10.1007/978-94-6265-129-6
_2doi
035 _a(DE-He213)978-94-6265-129-6
040 _aDLC
_beng
_erda
_erda
_cDLC
072 7 _aLAM
_2thema
072 7 _aLAW051000
_2bisacsh
072 7 _aLB
_2bicssc
072 7 _aLB
_2thema
082 0 4 _a340.2
_223
082 0 4 _a340.9
_223
097 0 0 _aK7000-7720.22
097 0 0 _aK7073-7078
245 0 0 _aYearbook of International Sports Arbitration 2015 /
_cedited by Antoine Duval, Antonio Rigozzi.
250 _a1st ed. 2016.
264 1 _aThe Hague :
_bImprint: T.M.C. Asser Press,
_bImprint: T.M.C. Asser Press,
_c2016.
300 _a1 online resource (XII, 398 pages)
336 _atext
_btxt
_2rdacontent
337 _acomputer
_bc
_2rdamedia
338 _aonline resource
_bcr
_2rdacarrier
347 _atext file
_bPDF
_2rda
490 1 _aYearbook of International Sports Arbitration,
_x2522-8501 ;
_v1
505 0 _aPart I.General Articles -- 1.Assessing the Usefulness and Legitimacy of CAS.-2.The Influence of Common Law Traditions on the Practice and Procedure before the CAS -- 3.The Validity of Analytical Science in Anti-Doping - A Scientific and Legal Challenge -- 4.The sell-on clause in football: recent cases and evolutions -- 5.CAS Provisional and Conservatory Measures and Other Options to be Granted Interim Legal Relief -- 6.The Basketball Arbitral Tribunal - An overview of its process and decisions.-Part II. Commentaries of CAS Awards -- 7.CAS 2013/A/3365 Juventus FC volume Chelsea FC and CAS 2013/A/3366 A.S. Livorno Calcio S.p.A. volume Chelsea FC, Award of 21 January 2015 -- 8.CAS 2014/A/3486, MFK Dubnica volume FC Parma, Award of 2 February 2015.
520 _aThe Yearbook of International Sports Arbitration is the first academic publication aiming to offer comprehensive coverage, on a yearly basis, of the most recent and salient developments regarding international sports arbitration, through a combination of general articles and case notes. The present volume covers decisions rendered by the Court of Arbitration for Sport (CAS) and national courts in 2015. It is a must-have for sports lawyers and arbitrators, as well as researchers engaged in this field. It provides in-depth articles on burning issues raised by international sports arbitration, and independent commentaries by esteemed academics and seasoned practitioners on the most important decisions of the CAS (e.g. the Dutee Chand case) and national courts (e.g. the Pechstein and Wilhelmshaven decision rendered by the OLG München and OLG Bremen in Germany). Dr. Antoine Duval is Senior Researcher for International and European Sports Law at the T.M.C. Asser Instituut in The Hague. He holds a Ph.D. on the interaction between Lex Sportiva and EU Law from the European University Institute in Florence. Prof. Antonio Rigozzi teaches international arbitration and sports law at the University of Neuchâtel, Switzerland, and is the partner in charge of the sports arbitration practice at Lévy Kaufmann-Kohler, a Geneva-based law firm specializing in international arbitration.
588 _aDescription based on publisher-supplied MARC data.
650 0 _aConflict of laws.
650 0 _aInternational law.
650 0 _aPrivate international law.
650 1 4 _aPrivate International Law, International & Foreign Law, Comparative Law .
_0http://scigraph.springernature.com/things/product-market-codes/R14002
650 2 4 _aInternational Sports Law.
_0http://scigraph.springernature.com/things/product-market-codes/R21000
700 1 _aDuval, Antoine.
_eeditor.
700 1 _aRigozzi, Antonio.
_eeditor.
776 0 8 _iPrint version:
_tYearbook of international sports arbitration.
_z9789462651289
_w(DLC) 2016945765
776 0 8 _iPrinted edition:
_z9789462651289
776 0 8 _iPrinted edition:
_z9789462651302
830 0 _aYearbook of International Sports Arbitration,
_x2522-8501 ;
_v1
985 _aspringerpcn
991 _as-Online
_hElectronic Resource
999 _c1578
_d1578